Prepäťové javy v cievke transformátora

Guardado en:
Detalles Bibliográficos
Autor principal: Boháč, Milan, 1978- (Autor)
Otros Autores: Šandrik, Pavol, 1938- (Orientador)
Formato: Manuscrito Libro
Lenguaje:eslovaco
Publicado: Bratislava : STU v Bratislave FEI, 2002
Materias:
Etiquetas: Agregar Etiqueta
Sin Etiquetas, Sea el primero en etiquetar este registro!

MARC

LEADER 00000ntm a22000003a 4500
001 stu78810
005 20150617225643.1
008 030130s2002------------------------slo-d
040 |a STU  |b slo 
041 0 |a slo 
100 1 |a Boháč, Milan,  |d 1978-  |4 aut  |u E130  |U FEI Fakulta elektrotechniky a informatiky  |T FEI Katedra elektroenergetiky  |X 1893  |U E130  |Y 59  |7 A000001893 
245 1 |a Prepäťové javy v cievke transformátora 
260 |a Bratislava :  |b STU v Bratislave FEI,  |c 2002 
300 |a 60 s 
650 7 |a Elektroenergetické a silnoprúdové inžinierstvo  |2 stusub 
700 1 |a Šandrik, Pavol,  |d 1938-  |4 ths  |u E130  |U FEI Fakulta elektrotechniky a informatiky  |T FEI Katedra elektroenergetiky  |X 4259  |U E130  |Y 59  |7 A000004259